Marketing 3.0 : from products to cunstomers to the human spirit.

Bibliographic Details
Main Author: Kotler
Format: Book
Published: New Jersey: John Wiley & Sons, 2010.
Subjects:
LEADER 00420cam a2200145 7i4500
001 0000025585
005 20110105090000.0
020 0 0 |a 9780470598825  
090 0 0 |a B 658.8   |b KOT 
100 1 0 |a Kotler  
245 1 0 |a Marketing 3.0 :   |b from products to cunstomers to the human spirit. 
260 0 0 |a New Jersey:   |b John Wiley & Sons,   |c 2010. 
300 # # |a 188p. 
650 0 0 |a Marketing  
999 |a B000027770  |b Book  |c Book  |e Business Information Centre